000 01498cam a22003734a 4500
001 15374004
003 OSt
005 20251211143411.0
008 080721r20081985enk b 000 0 eng
010 _a 2008031511
020 _a9780830842360
_qpbk. : alk. paper
035 _a15374004
040 _aDLC
_cDLC
_dDLC
050 0 0 _aBS2665.53
_b.B78 2008
082 0 0 _a227/.107
_222
100 1 _aBruce, F. F.
_q(Frederick Fyvie),
_d1910-1990.
240 1 0 _aLetter of Paul to the Romans
245 1 0 _aRomans :
_ban introduction and commentary /
_cF.F. Bruce.
260 _aNottingham, England :
_bInter-Varsity Press ;
_aDowners Grove, Ill. :
_bIntervarsity Press,
_c[2008]
300 _a283 p. ;
_c21 cm.
336 _atext
_btxt
_2rdacontent
337 _aunmediated
_bn
_2rdamedia
338 _avolume
_bnc
_2rdacarrier
490 0 _aTyndale New Testament commentaries ;
_vv. 6
500 _aOriginally published: The letter of Paul to the Romans. 1985.
504 _aIncludes bibliographical references.
630 0 0 _aBible.
_pRomans
_vCommentaries.
655 7 _aCommentaries.
_2lcgft
_0https://id.loc.gov/authorities/genreForms/gf2025026014
856 4 1 _3Table of contents only
_uhttp://www.loc.gov/catdir/toc/ecip0823/2008031511.html
906 _a7
_bcbc
_corignew
_d1
_eecip
_f20
_gy-gencatlg
942 _2lcc
_cBK
999 _c21042
_d21041